[Event "Moscow Open 2009 C"]
[Site "?"]
[Date "2009.02.05"]
[Round "6.59"]
[White "Severina, Maria"]
[Black "Kaurova, Anna"]
[Result "1-0"]
[WhiteElo "1940"]
[BlackElo "1400"]
[Annotator ""]
[Source ""]
[Remark ""]

1.d4 Nf6 2.c4 g6 3.Nc3 Bg7 4.e4 d6 5.Nf3 O-O 6.Be2 Nc6 7.d5 Ne5
8.Nd4 e6 9.f4 exd5 10.fxe5 Nxe4 11.Nxe4 dxe4 12.exd6 Qxd6 13.Nb3
Qe7 14.Qc2 f5 15.g3 g5 16.Be3 b6 17.Qd2 Rd8 18.Qc1 Bf6 19.Qc2
Qg7 20.Rd1 Bb7 21.Rb1 c5 22.Rf1 Bc8 23.Rf2 Be5 24.Bf1 Be6 25.Bh3
Rf8 26.Nc1 Rad8 27.Ne2 Qh6 28.Bf1 Qg7 29.Qc1 h6 30.Nc3 Rd7 31.Ne2
Rfd8 32.Nc3 Qf7 33.b3 Qg7 34.Nd5 Kh7 35.Qc2 Bxd5 36.cxd5 Rxd5
37.Bc4 Bc3+ 38.Kf1 R5d6 39.Rxf5 Re8 40.Kg2 Bf6 41.Rd1 Qd7 42.Rxf6 1-0

[Event "Moscow Open 2009 C"]
[Site "?"]
[Date "2009.02.05"]
[Round "6.60"]
[White "Blokhina, Elvira"]
[Black "Braun, Elina"]
[Result "1-0"]
[WhiteElo "1996"]
[BlackElo "1880"]
[Annotator ""]
[Source ""]
[Remark ""]

1.d4 d5 2.c4 e6 3.Nc3 Nf6 4.Bg5 Be7 5.e3 Nbd7 6.Nf3 O-O 7.Rc1
a6 8.c5 c6 9.b4 e5 10.dxe5 Nh5 11.Bxe7 Qxe7 12.g4 Nxe5 13.Nxe5
Qxe5 14.gxh5 f5 15.Qd4 Qe7 16.Ne2 a5 17.a3 axb4 18.axb4 Rf6 19.Nf4
Bd7 20.Be2 Kf7 21.Bf3 Qd8 22.Ra1 Rxa1+ 23.Qxa1 b6 24.O-O bxc5
25.bxc5 g5 26.hxg6+ hxg6 27.Rb1 g5 28.Nh5 Rg6 29.Rb7 Ke6 30.Ng3
g4 31.Bg2 Qg5 32.Ne2 Rg7 33.Nd4+ Ke7 34.Nxc6+ 1-0

[Event "Moscow Open 2009 C"]
[Site "?"]
[Date "2009.02.05"]
[Round "6.61"]
[White "Mukhina, Marina"]
[Black "Khabalonova, Tamara"]
[Result "1/2-1/2"]
[WhiteElo "1851"]
[BlackElo "1943"]
[Annotator ""]
[Source ""]
[Remark ""]

1.d4 Nf6 2.Nf3 c5 3.d5 d6 4.c4 g6 5.Nc3 Bg7 6.e4 O-O 7.h3 Re8
8.Be2 e6 9.O-O exd5 10.exd5 Bf5 11.Bd3 Bxd3 12.Qxd3 Nbd7 13.Bg5
Qb6 14.Rab1 Ne5 15.Nxe5 Rxe5 16.Bf4 Rf5 17.Bh2 Nd7 18.Rfe1 Ne5
19.Bxe5 Rxe5 20.Rxe5 Bxe5 21.Ne4 Qc7 22.b3 Kg7 23.Re1 1/2-1/2

[Event "Moscow Open 2009 C"]
[Site "?"]
[Date "2009.02.05"]
[Round "6.62"]
[White "Lisachenko, Natalia"]
[Black "Shangarayeva, Daiana"]
[Result "0-1"]
[WhiteElo "1920"]
[BlackElo "1871"]
[Annotator ""]
[Source ""]
[Remark ""]

1.d4 c5 2.Nf3 cxd4 3.Nxd4 Nc6 4.e3 d5 5.Be2 e5 6.Nxc6 bxc6 7.O-O
Nf6 8.b3 Bd6 9.Bb2 O-O 10.c4 Be6 11.cxd5 cxd5 12.Nc3 Rc8 13.Nb5
Bb8 14.Rc1 Rxc1 15.Qxc1 a6 16.Nc3 Qa5 17.Qa1 d4 18.exd4 exd4
19.Bf3 dxc3 20.Bxc3 Qg5 21.g3 Bh3 22.Rd1 Qf5 23.Bh1 Ne4 24.Bd4
Be5 25.f4 Bxd4+ 26.Qxd4 Nf6 27.b4 h6 28.a4 Re8 29.b5 axb5 30.axb5
Qxb5 31.Bf3 Qb3 32.Kf2 Ng4+ 33.Bxg4 Bxg4 34.Ra1 Qf3+ 35.Kg1 Re2 0-1

[Event "Moscow Open 2009 C"]
[Site "?"]
[Date "2009.02.05"]
[Round "6.63"]
[White "Tereshechkina, Maya"]
[Black "Golban, Ludmila"]
[Result "1-0"]
[WhiteElo "1912"]
[BlackElo "1400"]
[Annotator ""]
[Source ""]
[Remark ""]

1.Nf3 d5 2.c4 c6 3.e3 e6 4.Nc3 Bd6 5.d4 Nf6 6.Bd3 Nbd7 7.O-O
O-O 8.e4 dxe4 9.Nxe4 Nxe4 10.Bxe4 Nf6 11.Bc2 h6 12.Be3 b6 13.Qc1
Ng4 14.Bf4 Ba6 15.h3 Bxf4 16.Qxf4 Nf6 17.b3 Rc8 18.Rfe1 Qc7 19.Qe5
Rfd8 20.Rad1 b5 21.Bd3 Qxe5 22.dxe5 bxc4 23.Bxc4 Rxd1 24.Rxd1
Bxc4 25.bxc4 Ne4 26.Rd7 Ra8 27.Nd4 c5 28.Nb5 a6 29.Nd6 Nc3 30.a3
a5 31.Nb5 Ne2+ 32.Kf1 Nf4 33.Rc7 Rd8 34.Nd6 f6 35.g3 Nxh3 36.Kg2
Ng5 37.Nb7 Rd3 38.exf6 gxf6 39.a4 e5 40.Nxc5 Rd2 41.Ra7 e4 42.Kf1
f5 43.Rd7 Rc2 44.Rd5 Rc1+ 45.Kg2 Nf3 46.Rxf5 Rg1+ 47.Kh3 Rh1+
48.Kg4 Nd4 49.Rd5 Nc6 50.Nxe4 Ra1 51.Nc5 Rc1 52.f4 Rxc4 53.Kh5
Ne7 54.Re5 Nc6 55.Rd5 Ne7 56.Rd8+ Kf7 57.Nb7 Rxa4 58.Ra8 Ra3
59.Kg4 Kg6 60.Ra6+ Kg7 61.Rxa5 Rb3 62.Nd6 Rb4 63.Nf5+ Nxf5 64.Kxf5
Rb7 65.Kg4 Rc7 66.Kh5 Kh7 67.g4 Kg7 68.Ra6 Rc1 69.Rg6+ Kh7 70.Rxh6+ 1-0

[Event "Moscow Open 2009 C"]
[Site "?"]
[Date "2009.02.05"]
[Round "6.64"]
[White "Chernichenko, Olga"]
[Black "Forova, Tatiana"]
[Result "1/2-1/2"]
[WhiteElo "1400"]
[BlackElo "1888"]
[Annotator ""]
[Source ""]
[Remark ""]

1.e4 c5 2.Nf3 Nc6 3.d4 cxd4 4.Nxd4 g6 5.Nc3 Bg7 6.Be3 d6 7.Qd2
Nf6 8.f3 O-O 9.Bc4 Na5 10.Bb3 Re8 11.O-O-O a6 12.h4 h5 13.Bh6
Nxb3+ 14.axb3 Bh8 15.g4 Kh7 16.Bg5 Bd7 17.Nd5 Nxd5 18.exd5 Qb6
19.gxh5 Bxd4 20.hxg6+ fxg6 21.Qxd4 Qxd4 22.Rxd4 e5 23.dxe6 Rxe6
24.Rf4 Kg7 25.Rg1 Rh8 26.Kd2 Bc6 27.Re1 Rhe8 28.Rxe6 Rxe6 29.Bd8
b5 30.b4 Bb7 31.Bb6 Bc6 32.Bd4+ Kg8 33.Be3 Kg7 34.Ke2 Bb7 35.Kf2
Bc6 36.Bd4+ Kg8 37.Rg4 Kh7 38.Rg5 Kh6 39.Be3 Kh7 40.h5 gxh5 41.Rxh5+
Kg8 42.Bd4 Re7 43.Rh6 Rd7 44.Kg3 Kf7 45.f4 Be4 46.c3 Rd8 47.f5
Bd5 48.Rh7+ Ke8 49.Kf4 Rd7 50.Rh8+ Ke7 51.Kg5 Rb7 52.Bf6+ Kf7
53.Rd8 Rb6 54.Rd7+ Ke8 55.Re7+ Kf8 56.Kg6 Rb7 57.Rxb7 Bxb7 58.Bd8
Bd5 59.Kf6 Ke8 60.Be7 Kd7 61.Bf8 Be4 62.Bh6 Bd3 63.Be3 Bc2 64.Bd4
Bd3 1/2-1/2

[Event "Moscow Open 2009 C"]
[Site "?"]
[Date "2009.02.05"]
[Round "6.65"]
[White "Niks, Yana"]
[Black "Yashchenko, Olena"]
[Result "1-0"]
[WhiteElo "1885"]
[BlackElo "1400"]
[Annotator ""]
[Source ""]
[Remark ""]

1.e4 c6 2.d4 d5 3.Nc3 dxe4 4.Nxe4 Bf5 5.Ng3 Bg6 6.Nf3 Nd7 7.h4
h6 8.h5 Bh7 9.Bd3 Bxd3 10.Qxd3 e6 11.Bf4 Ngf6 12.O-O-O Nd5 13.Be3
Qc7 14.Ne4 O-O-O 15.g3 N7b6 16.Ne5 f5 17.Nc5 Bxc5 18.dxc5 Qxe5
19.cxb6 axb6 20.Bd4 Qc7 21.c4 Nb4 22.Qa3 c5 23.Qa8+ Qb8 24.Qxb8+
Kxb8 25.Bxg7 Nd3+ 26.Rxd3 Rxd3 27.Bxh8 1-0

[Event "Moscow Open 2009 C"]
[Site "?"]
[Date "2009.02.05"]
[Round "6.66"]
[White "Chadaeva, Tatiana"]
[Black "Cherniavskaya, Klara"]
[Result "1-0"]
[WhiteElo "1400"]
[BlackElo "1902"]
[Annotator ""]
[Source ""]
[Remark ""]

1.e4 Nc6 2.Nf3 e6 3.d4 Nf6 4.Nc3 Bb4 5.Bd3 Bxc3+ 6.bxc3 d5 7.exd5
Nxd5 8.Bd2 O-O 9.O-O Qd6 10.Re1 Qa3 11.Qc1 Qe7 12.Ne5 Bd7 13.Nxc6
Bxc6 14.Be4 Qd6 15.c4 Nf6 16.Bf4 Qxd4 17.Bxc6 bxc6 18.Bxc7 Qxc4
19.Be5 Ng4 20.Bg3 f5 21.h3 Nf6 22.Qe3 Qe4 23.f3 Qxe3+ 24.Rxe3
Rfe8 25.Rae1 Kf7 26.Rc3 Rac8 27.Ra3 Ra8 28.Ree3 a6 29.Rec3 Rec8
30.Rc5 Nd7 31.Rca5 Nb8 32.Bxb8 Rcxb8 33.Rxa6 Rxa6 34.Rxa6 c5
35.Rc6 Rb1+ 36.Kf2 Rb2 37.Rxc5 Rxa2 38.Rc7+ Kf6 39.f4 h6 40.h4
h5 41.g3 g6 42.Rc3 Ra6 43.Rc5 Ra2 44.Ke2 Ra3 45.c3 Ra2+ 46.Ke3
Rg2 47.Kf3 Rc2 48.c4 Rc3+ 49.Kg2 Rc2+ 50.Kh3 Ke7 51.Rc7+ Kf6
52.c5 Rc4 53.c6 Rc5 54.Rc8 e5 55.fxe5+ Kxe5 56.c7 Kd6 57.Rg8
Rxc7 58.Rxg6+ Ke5 59.Rh6 Rg7 60.Rxh5 Ke4 61.Rg5 Rh7 62.h5 Ke5
63.Kh4 Kf6 64.Rg6+ Ke5 65.Kg5 Rf7 66.h6 f4 67.gxf4+ Rxf4 68.h7
Rf5+ 69.Kh6 Rf8 70.Rg8 1-0

[Event "Moscow Open 2009 C"]
[Site "?"]
[Date "2009.02.05"]
[Round "6.67"]
[White "Butneva, Larisa"]
[Black "Badzhieva, Giliana"]
[Result "0-1"]
[WhiteElo "1875"]
[BlackElo "1400"]
[Annotator ""]
[Source ""]
[Remark ""]

1.e4 e5 2.Nf3 Nc6 3.Bc4 Nf6 4.d3 d5 5.exd5 Nxd5 6.Qe2 Bg4 7.c3
Qd6 8.h3 Bh5 9.Nbd2 O-O-O 10.Ne4 Qd7 11.g4 Bg6 12.Bb5 Nf4 13.Bxf4
exf4 14.O-O-O Qe6 15.Bc4 Qe8 16.Bb5 f5 17.gxf5 Bh5 18.d4 a6 19.Bc4
Kb8 20.Be6 Qe7 21.Rde1 g6 22.Qd3 Bh6 23.Ned2 Qf6 24.Nb3 Bf8 25.Rhg1
Bd6 26.Ng5 gxf5 27.Qxf5 Qh6 28.h4 f3 29.Nd2 Rdf8 30.Qh3 Bf4 31.Bd5
Nd8 32.Kd1 Nf7 33.Re6 Qg7 34.Qh1 Nxg5 35.hxg5 Bg6 36.Bxf3 c5
37.Rge1 Re8 38.d5 Qd7 39.b3 Rxe6 40.Rxe6 Re8 41.Rxe8+ Qxe8 42.Ne4
Qe5 43.Nxc5 Qxc3 44.Nd7+ Ka7 45.Qe1 Qc1+ 0-1

[Event "Moscow Open 2009 C"]
[Site "?"]
[Date "2009.02.05"]
[Round "6.68"]
[White "Bylinkina, Anna"]
[Black "Urbanaites, Elvira"]
[Result "1/2-1/2"]
[WhiteElo "1400"]
[BlackElo "1857"]
[Annotator ""]
[Source ""]
[Remark ""]

1.e4 d5 2.exd5 Nf6 3.Nc3 c6 4.dxc6 Nxc6 5.Nf3 e5 6.Bc4 Bc5 7.d3
O-O 8.O-O Bg4 9.h3 Bh5 10.Na4 Bd6 11.Re1 a6 12.Nc3 Bxf3 13.Qxf3
Nd4 14.Qd1 b5 15.Bb3 a5 16.Nd5 Nxb3 17.Nxf6+ Qxf6 18.axb3 Bc7
19.Be3 Qd6 20.Qf3 f5 21.Rad1 f4 22.Bc1 Rab8 23.Qe4 Rbe8 24.Kf1
Qd7 25.d4 f3 26.g4 Qe7 27.g5 Qe6 28.Qh4 Qf5 29.Rd3 e4 30.Rc3
Bb6 31.Be3 b4 32.Rc6 Qb5+ 33.Rc4 Bd8 34.Qg4 a4 35.Kg1 axb3 36.cxb3
Qd5 37.Ra1 Qd6 38.Ra4 Bc7 39.Qg3 Qxg3+ 40.fxg3 Bxg3 41.Rcxb4
Bh4 42.Rc4 f2+ 43.Kf1 Rf3 44.Rc3 Rxh3 45.Bxf2 Rxc3 46.bxc3 Bxg5
47.Ke2 h5 48.Ra5 e3 49.Be1 Bh6 50.Rxh5 Ra8 51.Re5 Ra2+ 52.Kd3
Ra1 53.Bh4 Rd1+ 54.Kc4 Rg1 55.b4 g5 56.Bxg5 Bxg5 1/2-1/2

[Event "Moscow Open 2009 C"]
[Site "?"]
[Date "2009.02.05"]
[Round "6.70"]
[White "Churusova, Ekaterina"]
[Black "Pylaeva, Ekaterina"]
[Result "1/2-1/2"]
[WhiteElo "1400"]
[BlackElo "1676"]
[Annotator ""]
[Source ""]
[Remark ""]

1.d4 Nf6 2.Nc3 e6 3.Nf3 d5 4.e3 Be7 5.Bd3 Nbd7 6.O-O O-O 7.Re1
c5 8.Bd2 c4 9.Be2 Qc7 10.Bf1 b6 11.a3 Bb7 12.Ne2 Bd6 13.Bb4 Rfe8
14.Nc3 a6 15.Bxd6 Qxd6 16.h3 Rac8 17.Be2 h6 18.Qd2 e5 19.dxe5
Nxe5 20.Nd4 Nh7 21.Rad1 Qg6 22.f4 Nd7 23.Bf3 Nhf6 24.Kh2 Nc5
25.Qf2 Nfe4 26.Nxe4 Nxe4 27.Bxe4 Qxe4 28.c3 Rc7 29.Rd2 Rce7 30.Nf3
Qf5 31.g4 Qh7 32.g5 hxg5 33.Nxg5 Qh5 34.Rde2 f6 35.Nf3 b5 36.Qg3
Qh6 37.Nd4 Qh7 38.Kg2 Qe4+ 39.Kf2 Qh7 40.Rg1 Bc8 41.h4 Rf7 42.Rh1
Qh5 43.Rg1 Re4 44.Nf3 Ree7 45.Rd2 Bb7 46.Nd4 Re4 47.Qg4 Qxg4
48.Rxg4 Bc8 49.Rg3 Rfe7 50.h5 Kh7 51.Rd1 Bd7 52.Rh1 a5 53.Rh2
Be8 54.Nf5 Rd7 55.h6 g6 56.Ng7 Rb7 57.Nxe8 Rxe8 58.Kf3 b4 59.axb4
axb4 60.cxb4 Rxb4 61.Rg1 Rb3 62.Re1 d4 63.f5 Rbxe3+ 64.Rxe3 Rxe3+
65.Kg4 g5 66.Rc2 c3 67.bxc3 Rxc3 68.Ra2 Kxh6 69.Ra6 Kg7 70.Ra7+
Kf8 1/2-1/2

[Event "Moscow Open 2009 C"]
[Site "?"]
[Date "2009.02.05"]
[Round "6.71"]
[White "Paramzina, Anastasya"]
[Black "Artemenko, Rimma"]
[Result "1/2-1/2"]
[WhiteElo "1400"]
[BlackElo "1579"]
[Annotator ""]
[Source ""]
[Remark ""]

1.e4 c5 2.Nc3 e6 3.g3 Nc6 4.Bg2 g6 5.d3 Bg7 6.Be3 d6 7.f4 Nge7
8.Nf3 Rb8 9.O-O b5 10.Qc1 O-O 11.Ne2 b4 12.h3 f5 13.Kh1 a5 14.Rb1
Ba6 15.Qd2 Qc7 16.Rfe1 Rfd8 17.Ng5 Bc8 18.exf5 Nxf5 19.Bf2 Bf6
20.Ne4 Bg7 21.g4 Nfd4 22.N2g3 Ne7 23.Ne2 Nec6 24.Bh4 Rf8 25.Nxd4
Nxd4 26.Bg3 Re8 27.f5 e5 28.fxg6 h6 29.Bh4 Bb7 30.g5 Bxe4 31.Bxe4
Qd7 32.Kg2 Nf5 33.Bd5+ Kh8 34.Bf2 Rf8 35.Rf1 1/2-1/2

[Event "Moscow Open 2009 C"]
[Site "?"]
[Date "2009.02.05"]
[Round "6.72"]
[White "Ulyanovskaya, Tamara"]
[Black "Vasiukova, Renata D"]
[Result "1/2-1/2"]
[WhiteElo "1400"]
[BlackElo "1574"]
[Annotator ""]
[Source ""]
[Remark ""]

1.e4 c6 2.d4 d6 3.Nc3 Nd7 4.Bc4 Ngf6 5.Nf3 h6 6.e5 dxe5 7.dxe5
Nd5 8.Nxd5 cxd5 9.Bxd5 Qa5+ 10.c3 e6 11.Be4 Nxe5 12.b4 Nxf3+
13.Qxf3 Qc7 14.Bf4 e5 15.Be3 Qxc3+ 16.Bd2 Qxa1+ 17.Qd1 Qxa2 18.O-O
Qe6 19.Re1 a6 20.Bc3 Bd6 21.Bd5 Qd7 22.Bxe5 Bxe5 23.Rxe5+ Kd8
24.Qd4 Kc7 25.Qc5+ Kb8 26.Re7 Re8 27.Rxe8 Qxe8 28.Qd6+ Ka7 29.Qc5+
Kb8 30.Qd6+ 1/2-1/2

[Event "Moscow Open 2009 C"]
[Site "?"]
[Date "2009.02.05"]
[Round "6.73"]
[White "Vanchikova, Dulma"]
[Black "Shmyreva, Tatiana"]
[Result "1-0"]
[WhiteElo "1799"]
[BlackElo "1400"]
[Annotator ""]
[Source ""]
[Remark ""]

1.e4 c5 2.Nf3 Nc6 3.Nc3 e5 4.a3 Nf6 5.Bc4 a6 6.d3 Nd4 7.Nxe5
d6 8.Nxf7 Ke7 9.Nxd8 Kxd8 10.Bg5 Be7 11.Bxf6 Bxf6 12.f4 Bd7 13.Nd5
b5 14.Ba2 Rb8 15.c3 Nc6 16.Nxf6 gxf6 17.O-O Kc7 18.Bd5 Ne7 19.f5
Nxd5 20.exd5 h5 21.b4 Rbg8 22.Rf2 h4 23.Qf3 Rg5 24.Qh3 Rgh5 25.Raf1
Kd8 26.Rf4 Kc7 27.c4 Kb6 28.Rxh4 Rxf5 29.g3 Rxf1+ 30.Qxf1 Rxh4
31.gxh4 f5 32.Qf4 Kc7 33.h5 1-0

[Event "Moscow Open 2009"]
[Site "Moscow"]
[Date "2009.02.06"]
[Round "7.1"]
[White "Repina, Varvara"]
[Black "Pogonina, Natalija"]
[Result "0-1"]
[WhiteElo "2258"]
[BlackElo "2467"]
[Annotator ""]
[Source ""]
[Remark ""]

1.d4 Nf6 2.c4 e6 3.Nf3 Bb4+ 4.Bd2 c5 5.Bxb4 cxb4 6.Nbd2 O-O 7.e4
d6 8.Qc2 Re8 9.c5 dxc5 10.Qxc5 Nc6 11.Bb5 Bd7 12.O-O Rc8 13.Qd6
Qa5 14.Bd3 Red8 15.Qg3 Qh5 16.e5 Nd5 17.Ne4 Be8 18.Rad1 Kh8 19.Bb1
Nce7 20.Nd6 Rc7 21.Qg5 f6 22.Qxh5 Bxh5 23.Rc1 Rdd7 24.Rxc7 Rxc7
25.Nb5 Rd7 26.Nxa7 Nf4 27.exf6 gxf6 28.Nd2 b5 29.Ne4 Rxa7 30.Nxf6
Bg6 0-1

[Event "Moscow Open 2009"]
[Site "Moscow"]
[Date "2009.02.06"]
[Round "7.2"]
[White "Muzychuk, Anna"]
[Black "Girya, Olga"]
[Result "1/2-1/2"]
[WhiteElo "2540"]
[BlackElo "2315"]
[Annotator ""]
[Source ""]
[Remark ""]

1.e4 c5 2.Nf3 Nc6 3.d4 cxd4 4.Nxd4 e5 5.Nb5 d6 6.c4 Be7 7.N1c3
a6 8.Na3 f5 9.exf5 Bxf5 10.Bd3 Be6 11.O-O Nf6 12.Nc2 O-O 13.Nd5
b5 14.b3 Rb8 15.Bb2 Qd7 16.Nce3 Bd8 17.Rc1 Bxd5 18.Nxd5 Nxd5
19.cxd5 Ne7 20.Be2 Bb6 21.Bg4 Qa7 22.Be6+ Kh8 23.Rc2 b4 24.g3
Nf5 25.Bxf5 Rxf5 26.Kg2 Rbf8 27.Qd3 Bc5 28.f3 a5 29.Re2 a4 30.Ree1
axb3 31.axb3 Kg8 32.Ra1 Qb7 33.Qe4 Qd7 34.Rae1 Rh5 35.Qg4 Qf7
36.Qe4 Qd7 37.h4 Rhf5 38.Bc1 Ra8 39.Be3 Ra2+ 40.Rf2 Rxf2+ 41.Kxf2
Bxe3+ 42.Rxe3 Rf8 43.Qxb4 Qh3 44.Qxd6 Qh2+ 45.Kf1 Qh1+ 46.Ke2
Qg2+ 47.Kd3 Qf1+ 48.Ke4 Qb1+ 49.Rd3 Qe1+ 50.Re3 Qb1+ 51.Kxe5
Re8+ 52.Kf4 Rf8+ 53.Ke5 Re8+ 54.Kf4 Rf8+ 55.Ke5 Re8+ 56.Kd4 1/2-1/2

[Event "Moscow Open 2009"]
[Site "Moscow"]
[Date "2009.02.06"]
[Round "7.3"]
[White "Matveeva, Svetlana"]
[Black "Paehtz, Elisabeth"]
[Result "1-0"]
[WhiteElo "2422"]
[BlackElo "2455"]
[Annotator ""]
[Source ""]
[Remark ""]

1.d4 e6 2.c4 Bb4+ 3.Nd2 b6 4.a3 Bxd2+ 5.Qxd2 Bb7 6.Nf3 Nf6 7.e3
O-O 8.Be2 Ne4 9.Qc2 f5 10.O-O d6 11.b4 Rf6 12.d5 c5 13.dxc6 Nxc6
14.Bb2 Rg6 15.Rfd1 Rc8 16.Bf1 Nb8 17.Rac1 Nd7 18.Qe2 Qe7 19.Ne1
Rh6 20.f3 Ng5 21.Rd2 Nf7 22.Qf2 Nde5 23.Qg3 Rg6 24.Qf2 Ng5 25.Kh1
Ngf7 26.Rdc2 Nd7 27.Nd3 e5 28.Rd2 Rh6 29.Ne1 Nf6 30.Rcd1 Nh5
31.Kg1 f4 32.exf4 Nxf4 33.Nd3 Ne6 34.c5 bxc5 35.bxc5 d5 36.Nxe5
Nxe5 37.Bxe5 Nxc5 38.Bb2 a5 39.Rc2 Rhc6 40.Re2 Qf7 41.Re5 R6c7
42.Rde1 a4 43.Qg3 Nb3 44.Bb5 Nc5 45.Re8+ 1-0

[Event "Moscow Open 2009"]
[Site "Moscow"]
[Date "2009.02.06"]
[Round "7.4"]
[White "Kovalevskaya, Ekaterina"]
[Black "Gunina, Valentina"]
[Result "1/2-1/2"]
[WhiteElo "2442"]
[BlackElo "2400"]
[Annotator ""]
[Source ""]
[Remark ""]

1.c4 e6 2.g3 Nf6 3.Bg2 d5 4.Nf3 Be7 5.O-O O-O 6.b3 c5 7.Bb2 Nc6
8.cxd5 exd5 9.d4 Bg4 10.dxc5 Bxc5 11.Nc3 Re8 12.Rc1 Bb6 13.Na4
Qe7 14.e3 Ne4 15.Nxb6 axb6 16.a3 Ng5 17.h4 Ne4 18.Qe1 Qd6 19.Nd4
Nxd4 20.Bxd4 Nc5 21.Qb4 Ne4 22.Qxd6 Nxd6 23.Bxd5 Be6 24.Bxe6
Rxe6 25.Bxb6 Rxa3 26.Bc5 Ra8 27.Bxd6 Rxd6 28.Rc7 Rb6 29.Rfc1
g6 30.Rc8+ Rxc8 31.Rxc8+ Kg7 32.Rc3 Kf6 33.Kg2 h5 34.f4 Ke6 35.e4
f6 36.Kf3 Rb4 37.Re3 Kd6 38.Ke2 Rb5 39.Kd2 g5 40.hxg5 fxg5 41.e5+
Ke6 42.Ke2 gxf4 43.gxf4 Rb6 44.Rd3 Kf5 45.Re3 Re6 46.Kf3 Rb6
47.Kf2 h4 48.Kf3 Rg6 49.Re1 Rg3+ 50.Kf2 Kxf4 51.e6 Rg8 52.Rh1
Ke5 53.Rxh4 Kxe6 54.Rb4 Rg7 55.Ke3 1/2-1/2

[Event "Moscow Open 2009"]
[Site "Moscow"]
[Date "2009.02.06"]
[Round "7.5"]
[White "Mongontuul, Bathuyag"]
[Black "Molchanova, Tatjana"]
[Result "1/2-1/2"]
[WhiteElo "2425"]
[BlackElo "2319"]
[Annotator ""]
[Source ""]
[Remark ""]

1.e4 c6 2.d4 d5 3.e5 Bf5 4.Nf3 e6 5.Be2 Nd7 6.O-O Bg6 7.Be3 Ne7
8.Nh4 Nf5 9.Nxf5 Bxf5 10.g4 Bg6 11.f4 f6 12.exf6 Nxf6 13.Nd2
Bd6 14.g5 Ne4 15.Bg4 Qd7 16.Qf3 Nxd2 17.Bxd2 O-O 18.Rae1 Bf5
19.Rf2 g6 20.Rfe2 Rae8 21.c3 Bxg4 22.Qxg4 Rf5 23.b4 Qf7 24.Rf2
Rf8 25.Ref1 e5 26.dxe5 Bxe5 27.Qe2 Bc7 28.Qd3 Re8 29.Re2 Rxe2
30.Qxe2 Bxf4 31.Bxf4 Rxf4 32.Rxf4 Qxf4 33.Qe6+ Qf7 34.Qe5 h6
35.gxh6 Kh7 36.a4 Qd7 37.Qe3 b6 38.a5 bxa5 39.bxa5 Qc7 40.a6
c5 41.Qf3 Qe5 42.Qf7+ Kxh6 43.Qxa7 Qe1+ 44.Kg2 Qe2+ 45.Kg3 Qe3+
46.Kg2 Qd2+ 47.Kg1 Qe1+ 1/2-1/2

[Event "Moscow Open 2009"]
[Site "Moscow"]
[Date "2009.02.06"]
[Round "7.6"]
[White "Grabuzova, Tatiana"]
[Black "Ushenina, Anna"]
[Result "0-1"]
[WhiteElo "2332"]
[BlackElo "2499"]
[Annotator ""]
[Source ""]
[Remark ""]

1.d4 Nf6 2.c4 g6 3.Nc3 d5 4.cxd5 Nxd5 5.Bd2 Bg7 6.e4 Nb6 7.Be3
O-O 8.f4 Nc6 9.d5 Na5 10.Bd4 e5 11.Bxe5 Bxe5 12.fxe5 Qh4+ 13.g3
Qe7 14.Nge2 Nac4 15.b3 Nxe5 16.Bg2 Bg4 17.O-O Nc8 18.Qd4 Nd6
19.Nf4 f6 20.Rf2 a6 21.a4 Rae8 22.h4 Bc8 23.Raf1 Rf7 24.a5 Ref8
25.Na4 Ng4 26.Re2 g5 27.Ne6 Bxe6 28.dxe6 Qxe6 29.Nc5 Qe5 30.Qxe5
Nxe5 31.Rd1 Re7 32.Rc2 h5 33.hxg5 fxg5 34.Rd5 Kh7 35.Rxe5 Rxe5
36.Nd7 Rfe8 37.Nxe5 Rxe5 38.Rxc7+ Kg6 39.Rd7 Nxe4 40.Bxe4+ Rxe4
41.Rxb7 Kf5 42.Kf2 Rd4 43.b4 Kg4 44.b5 Ra4 45.bxa6 Ra2+ 46.Kf1
Rxa5 47.a7 Kxg3 48.Rb3+ Kh4 49.Rb7 g4 50.Rg7 Kh3 51.Rg5 Ra1+
52.Kf2 h4 53.Rg7 g3+ 54.Kf3 Ra3+ 55.Kf4 g2 0-1

[Event "Moscow Open 2009 C"]
[Site "?"]
[Date "2009.02.06"]
[Round "7.7"]
[White "Romanko, Marina"]
[Black "Akatova, Ekaterina"]
[Result "1-0"]
[WhiteElo "2451"]
[BlackElo "2261"]
[Annotator ""]
[Source ""]
[Remark ""]

1.d4 Nf6 2.c4 g6 3.Nf3 Bg7 4.g3 c5 5.Bg2 cxd4 6.Nxd4 O-O 7.O-O
d5 8.cxd5 Nxd5 9.Nc3 Nxc3 10.bxc3 Qc7 11.Qb3 Nc6 12.Nxc6 bxc6
13.Be3 Be6 14.Qa3 Bd5 15.Bf3 Rfd8 16.Rfd1 Bxf3 17.exf3 Rd5 18.Rab1
Rad8 19.Rdc1 Ra5 20.Qb3 Rb5 21.Qc4 Qb7 22.Rb3 Bf6 23.Kg2 Kg7
24.Rcb1 Rb8 25.Bf4 e5 26.Be3 Qd7 27.Qe4 a6 28.c4 R5b7 29.Bb6
Qe6 30.a4 c5 31.a5 Bd8 32.Qe2 f6 33.Qc2 Bxb6 34.Qb2 Qxc4 35.Rxb6
Rxb6 36.axb6 Qe6 37.b7 Qc6 38.h4 c4 39.Qb4 Kf7 40.h5 g5 41.g4
e4 42.fxe4 Qxe4+ 43.f3 Qe2+ 44.Kg3 Qe5+ 45.Kh3 Qd5 46.Kg2 a5
47.Qb6 Qd2+ 48.Kh3 Qd7 49.Rb5 c3 50.Rf5 Qe7 51.Qb3+ Qe6 52.Rd5
Ke7 53.Qa3+ Kf7 54.Qb3 Ke7 55.Qc4 Rxb7 56.Qd3 Kf8 57.h6 c2 58.Rc5
Qe1 59.Rc8+ Ke7 60.Qd8+ Ke6 61.Rc6+ Ke5 62.Qe8+ Kd5 63.Qxe1 Kxc6
64.Qe4+ Kb6 65.Qxc2 Ka6 66.Qd3+ Ka7 67.Qd4+ Rb6 68.Kg3 Ka6 69.Qd3+ 1-0

[Event "Moscow Open 2009 C"]
[Site "?"]
[Date "2009.02.06"]
[Round "7.8"]
[White "Bodnaruk, Anastasia"]
[Black "Petrukhina, Irina"]
[Result "0-1"]
[WhiteElo "2384"]
[BlackElo "1905"]
[Annotator ""]
[Source ""]
[Remark ""]

1.e4 c5 2.Nf3 Nc6 3.d4 cxd4 4.Nxd4 g6 5.Nc3 Bg7 6.Be3 Nf6 7.Bc4
O-O 8.Bb3 a5 9.f3 d5 10.Nxd5 Nxd5 11.exd5 Nb4 12.c4 a4 13.a3
Nxd5 14.cxd5 axb3 15.Qxb3 Qa5+ 16.Ke2 Rd8 17.Nb5 Qa4 18.Qxa4
Rxa4 19.Rhd1 Bxb2 20.Rab1 Be5 21.g3 Bf5 22.Rb4 Rxb4 23.axb4 Bc2
24.Rd2 Ba4 25.Na7 Bb3 26.Bb6 Rd7 27.Ke3 Rxd5 28.Rxd5 Bxd5 29.Nc8
Bf6 30.Bc5 Kf8 31.Nb6 Bc6 32.f4 Ke8 33.b5 Bxb5 34.Nd5 Kd7 35.Nxf6+
exf6 36.Bd4 Ke6 37.Bb2 Bc4 38.Bd4 b5 39.Bc3 Kf5 40.h4 h6 41.Kf3
Bd5+ 42.Ke3 g5 43.hxg5 fxg5 44.fxg5 hxg5 45.Bb4 Kg4 46.Kf2 f5
47.Bd6 f4 48.gxf4 gxf4 49.Bc5 Kf5 50.Bd6 Ke4 51.Ke2 f3+ 52.Kd2
Kd4 53.Be7 Kc4 54.Bh4 b4 55.Bf2 b3 56.Bg3 Kb4 57.Bd6+ Ka4 58.Bc5
Bc4 59.Kc3 Kb5 60.Bf2 Kc6 61.Be3 Kd5 62.Bg1 Ke4 63.Bf2 Kf4 64.Kd2
Kg4 65.Bd4 Kg3 66.Kc3 f2 67.Bxf2+ Kxf2 68.Kd2 Bd5 69.Kc3 Ke3
70.Kb2 Kd2 71.Ka1 Kc3 0-1

[Event "Moscow Open 2009 C"]
[Site "?"]
[Date "2009.02.06"]
[Round "7.9"]
[White "Ambartsumova, Karina"]
[Black "Demina, Julia"]
[Result "1/2-1/2"]
[WhiteElo "2227"]
[BlackElo "2361"]
[Annotator ""]
[Source ""]
[Remark ""]

1.e4 c5 2.Nf3 d6 3.d4 cxd4 4.Nxd4 Nf6 5.Nc3 a6 6.Be3 e5 7.Nf3
Be7 8.Bc4 O-O 9.O-O Nc6 10.Bg5 Be6 11.Bb3 Nd7 12.Bxe7 Qxe7 13.Nd5
Qd8 14.Qe2 Nc5 15.Rad1 Nxb3 16.axb3 f5 17.exf5 Bxf5 18.Ne3 Bg6
19.Qc4+ Kh8 20.Qd5 Rf6 21.Ng4 Bf7 22.Qe4 Bg6 23.Qd5 Bxc2 24.Nxf6
Bxd1 25.Ng5 Qxf6 26.Nf7+ Kg8 27.Nxe5+ Kh8 28.Nf7+ Kg8 29.Nxd6+
Kh8 30.Rxd1 Rf8 31.f3 Qe7 32.Qe4 Qc7 33.Qe6 h6 34.Rc1 Rf6 35.Qe8+
Kh7 36.Qe4+ Kh8 37.Qe8+ Kh7 38.Nc4 Rf4 39.Rd1 Rf7 40.Qe4+ Kh8
41.Rd6 Re7 42.Re6 Rxe6 43.Qxe6 b5 44.Ne3 a5 45.h4 Ne5 46.Nd5
Qc5+ 47.Kh2 Nxf3+ 48.gxf3 1/2-1/2

[Event "Moscow Open 2009 C"]
[Site "?"]
[Date "2009.02.06"]
[Round "7.10"]
[White "Zhukova, Natalia"]
[Black "Iljushina, Olga"]
[Result "1/2-1/2"]
[WhiteElo "2490"]
[BlackElo "2269"]
[Annotator ""]
[Source ""]
[Remark ""]

1.d4 Nf6 2.c4 e6 3.Nf3 Bb4+ 4.Nbd2 b6 5.a3 Bxd2+ 6.Qxd2 Bb7 7.e3
d6 8.Be2 Nbd7 9.O-O Ne4 10.Qc2 f5 11.b4 O-O 12.Bb2 Ng5 13.Ne1
Nh3+ 14.Kh1 Qh4 15.f3 Ng5 16.Nd3 Nf6 17.Nf4 Rae8 18.c5 e5 19.dxe5
dxe5 20.Qc4+ Rf7 21.Nh3 f4 22.Nxg5 Qxg5 23.cxb6 Bd5 24.Qc3 Nh5
25.Kg1 fxe3 26.Rae1 axb6 27.Bd1 Nf4 28.g3 Nh3+ 29.Kg2 Nf4+ 30.Kg1
Nh3+ 31.Kg2 Nf4+ 32.Kg1 1/2-1/2

[Event "Moscow Open 2009 C"]
[Site "?"]
[Date "2009.02.06"]
[Round "7.11"]
[White "Gaponenko, Inna"]
[Black "Gu, Xiaobing"]
[Result "0-1"]
[WhiteElo "2450"]
[BlackElo "2283"]
[Annotator ""]
[Source ""]
[Remark ""]

1.e4 c5 2.Ne2 Nf6 3.Nbc3 d5 4.exd5 Nxd5 5.Nxd5 Qxd5 6.d4 Nc6
7.Be3 cxd4 8.Nxd4 e6 9.Be2 Bd7 10.Nb5 Qe5 11.Qd2 Nb4 12.Bd4 Qf5
13.Nc7+ Kd8 14.Nxa8 Nxc2+ 15.Kf1 Nxa1 16.Bxa7 Qb1+ 17.Bd1 Bb4
18.Qd4 Nc2 19.Bb6+ Ke7 20.Bc5+ Ke8 21.Nc7+ Kd8 22.Nxe6+ fxe6
23.Bb6+ Ke8 24.Qg4 Be7 25.h4 Qxb2 26.Rh3 Qxb6 27.Bxc2 Rf8 28.Rf3
Rxf3 29.Qxf3 Qc5 30.Qe4 Qf5 0-1

[Event "Moscow Open 2009 C"]
[Site "?"]
[Date "2009.02.06"]
[Round "7.12"]
[White "Ubiennykh, Ekaterina"]
[Black "Shen, Yang"]
[Result "0-1"]
[WhiteElo "2285"]
[BlackElo "2448"]
[Annotator ""]
[Source ""]
[Remark ""]

1.d4 d5 2.c4 c6 3.Nc3 Nf6 4.Nf3 dxc4 5.a4 e6 6.e3 c5 7.Bxc4 Nc6
8.O-O Be7 9.Qe2 cxd4 10.exd4 O-O 11.Rd1 Nd5 12.Ne5 Ncb4 13.Ne4
b6 14.Ra3 f6 15.Nf3 Re8 16.Ne1 Bd6 17.Rh3 g6 18.Nxd6 Qxd6 19.Qd2
Re7 20.Ra3 Ba6 21.Bxa6 Nxa6 22.h4 Nab4 23.g4 Rf8 24.Qh6 Qc6 25.Bd2
Qc4 26.Rg3 Qxd4 27.b3 Qe4 28.Nf3 Nd3 29.Ne1 N3f4 30.Bxf4 Nxf4
31.Rf3 e5 32.Kh2 Qe2 33.Rc1 Rd7 34.Rxf4 Qd2 35.Rc2 Qxf4+ 36.Qxf4
exf4 37.Rc4 f5 38.gxf5 Rxf5 39.Kg2 Kg7 40.Nf3 h6 41.Nd4 Rf6 42.b4
a6 43.b5 axb5 44.Nxb5 g5 45.hxg5 hxg5 46.Kf3 Kg6 47.Kg4 Rh7 48.Nc3
Rh4+ 49.Kf3 Kf5 50.Ne4 Re6 0-1